Szczegóły MARC21

Współczesna teoria badań literackich za granicą : antologia. T. 2, Strukturalno-semiotyczne badania literackie, literaturoznawstwo porównawcze, w kręgu psychologii głębi i mitologii /

003 -Nazwa inst., której nr kontr. jest w polu 001 [,]
    • @
    • Nazwa instytucji, której n kontrolny jest w polu 001
    • NUKAT
005 -DATA I CZAS OSTATNIEJ MODYFIKACJI [,]
    • @
    • pole kontrolne
    • 20241231100636.0
040 -Instytucja sporządzająca opis [ , ]
    • a
    • Instytucja, która sporządziła opis (NP)
    • GD U/AJ
    • c
    • Instytucja, która sporządziła rekord (NP)
    • GD U/AJ
    • d
    • Instytucja, która zmodyfikowała rekord (P)
    • GD U/AJ
    • d
    • Instytucja, która zmodyfikowała rekord (P)
    • WR O/KSs
    • d
    • Instytucja, która zmodyfikowała rekord (P)
    • SIEDL 001/BL
    • d
    • Instytucja, która zmodyfikowała rekord (P)
    • KAT U/MB
    • d
    • Instytucja, która zmodyfikowała rekord (P)
    • KAT U/SNs
041 -Język dokumentu [1, ]
    • a
    • Język tekstu (P)
    • polski
    • h
    • Język tekstu oryginalnego i/lub pośredniego (P)
    • wielojęzyczny
942 -Rodzaj dokumentu [ , ]
    • c
    • Rodzaj dokumentu
    • Książka
245 -Strefa tytułu i oznaczenia odpowiedzialności [0,0]
    • a
    • Tytuł
    • Współczesna teoria badań literackich za granicą : Find
    • b
    • Ciąg dalszy tytułu (NP)
    • antologia. Find
    • n
    • Oznaczenie części (P)
    • T. 2,
    • p
    • Nazwa części (P)
    • Strukturalno-semiotyczne badania literackie, literaturoznawstwo porównawcze, w kręgu psychologii głębi i mitologii /
    • c
    • Pozostałe elementy strefy tytułu i oznaczenia odpowiedzialności (NP)
    • oprac. Henryk Markiewicz.
246 -Wariant tytułu [3,0]
    • a
    • Tytuł (NP)
    • Strukturalno-semiotyczne badania literackie, literaturoznawstwo porównawcze, w kręgu psychologii głębi i mitologii
250 -Strefa wydania [ , ]
    • a
    • Oznaczenie wydania (NP)
    • Wyd. 2 przejrz. i zm.
260 -Strefa adresu wydawniczego [ , ]
    • a
    • Miejsce wydania (P)
    • Kraków :
    • b
    • Nazwa wydawcy (P)
    • Wydawnictwo Literackie,
    • c
    • Data wydania (P)
    • 1976.
300 -Strefa opisu fizycznego [ , ]
    • a
    • Określenie formy książki i/lub objętość (NP)
    • 396 s. ;
    • c
    • Format (NP)
    • 21 cm.
336 -Typ zawartości [ , ]
    • a
    • Termin opisujący typ zawartości
    • Tekst
    • b
    • Kod określający zawartość
    • txt
    • 2
    • Źródło (terminu i kodu)
    • rdacontent
337 -Typ mediów [ , ]
    • a
    • Tryb odtwarzania
    • Bez urządzenia pośredniczącego
    • b
    • Kod typu mediów
    • n
    • 2
    • Źródło (terminu i kodu)
    • rdamedia
338 -Typ/rodzaj nośnika [ , ]
    • a
    • Hasło opisujące typ nośnika
    • Wolumin
    • b
    • Kod typu nośnika
    • nc
    • 2
    • Źródło (terminu i kodu)
    • rdacarrier
490 -Strefa serii i książki wielotomowej - forma nie do wyszukiwania [1, ]
    • a
    • Tytuł (P)
    • Biblioteka Studiów Literackich Find
830 -Hasło dodatkowe serii i opisu książki wielotomowej - tytuł ujednolicony/tytuł [ ,0]
    • a
    • Tytuł ujednolicony/tytuł (NP)
    • Biblioteka Studiów Literackich
    • 9
    • KHW
    • 18477
546 -Uwaga dot. języka [ , ]
    • a
    • Uwaga dot. języka
    • Tekst tł. z różnych jęz.
650 -Hasło przedmiotowe [ ,7]
    • a
    • Hasło przedmiotowe
    • Teoria literatury.
    • 2
    • Źródło terminu
    • kaba
    • 9
    • KHW
    • 117059
650 -Hasło przedmiotowe [ ,7]
    • a
    • Hasło przedmiotowe
    • Strukturalizm (literatura).
    • 2
    • Źródło terminu
    • kaba
    • 9
    • KHW
    • 221133
650 -Hasło przedmiotowe [ ,7]
    • a
    • Hasło przedmiotowe
    • Literatura
    • x
    • Określnik rzeczowy
    • tematy, motywy.
    • 2
    • Źródło terminu
    • kaba
    • 9
    • KHW
    • 117068
650 -Hasło przedmiotowe [ ,7]
    • a
    • Hasło przedmiotowe
    • Literatura porównawcza.
    • 2
    • Źródło terminu
    • kaba
    • 9
    • KHW
    • 117450
650 -Hasło przedmiotowe [ ,7]
    • a
    • Hasło przedmiotowe
    • Literatura
    • x
    • Określnik rzeczowy
    • aspekt psychologiczny.
    • 2
    • Źródło terminu
    • kaba
    • 9
    • KHW
    • 117051
650 -Hasło przedmiotowe [ ,7]
    • a
    • Hasło przedmiotowe
    • Psychologia jungowska.
    • 2
    • Źródło terminu
    • kaba
    • 9
    • KHW
    • 126971
650 -Hasło przedmiotowe [ ,7]
    • a
    • Hasło przedmiotowe
    • Semiotyka i literatura.
    • 2
    • Źródło terminu
    • kaba
    • 9
    • KHW
    • 129960
650 -Hasło przedmiotowe [ ,7]
    • a
    • Hasło przedmiotowe
    • Mitologia
    • x
    • Określnik rzeczowy
    • w literaturze.
    • 2
    • Źródło terminu
    • kaba
    • 9
    • KHW
    • 119540
650 -Hasło przedmiotowe [ ,7]
    • a
    • Hasło przedmiotowe
    • Psychoanaliza i literatura.
    • 2
    • Źródło terminu
    • kaba
    • 9
    • KHW
    • 126936
700 -Hasło dodatkowe - nazwa osobowa [1, ]
    • a
    • Nazwa osobowa (NP)
    • Markiewicz, Henryk Find
    • d
    • Daty biograficzne (NP)
    • (1922-2013).
    • e
    • Określenie rodzaju współpracy
    • Oprac.
    • 9
    • KHW
    • 69172
710 -Hasło dodatkowe - nazwa ciała zbiorowego [2, ]
    • a
    • Nazwa ciała zbiorowego lub nazwa geograficzna jako pierwszy element (NP)
    • Wydawnictwo Literackie.
    • 4
    • Kod relacji
    • pbl
    • 9
    • KHW
    • 53605
Data inwentaryzacji Status udost. Sygnatura Lokalizacja Numer inwentarzowy
1998-05-221Z.25579BGZ.34652
1998-05-221Z.25579BGZ.25580
1998-05-22-5W.59684BGW.60207
1998-05-22-5W.59684BGW.60208
1998-05-22-5W.59684BGW.60209
1998-05-22-5W.59684BGW.59696
1998-05-22-5W.59684BGW.59697
1998-05-22-5W.59684BGW.59698
1998-05-22-5W.59684BGW.59699
1998-05-22-5W.59684BGW.59700
1998-05-22-5W.59684BGW.59701
1998-05-22-5W.59684BGW.59702
1998-05-22-5W.59684BGW.59703
1998-05-22-5W.59684BGW.59704
1998-05-22-5W.59684BGW.59705
1998-05-22-5W.59684BGW.59706
1998-05-22-5W.59684BGW.59707
2018-10-291 BMQ.85
1998-05-221POL. Teoria literatury 07BMP.9393
1998-05-22-3 BMP.2558
1998-05-22-3 BMP.475
1998-05-221 BMR.400